000 00373nam a2200157Ia 4500
008 210210b1960 xxu||||| |||| 00| 0 eng d
041 _aeng
082 _a822/889
100 _aNARAYAN (R K)
245 _aNext sunday
260 _aBombay
_bPearl Publications Private Limited
_c1960
650 _asunday
650 _aNext
690 _aEnglish Prose
906 _a013072
999 _c131906
_d131906